Stephen KING (Record no. 351857)

000 -LEADER
fixed length control field 00452nam a22001817a 4500
003 - CONTROL NUMBER IDENTIFIER
control field OSt
005 - DATE AND TIME OF LATEST TRANSACTION
control field 20180116183057.0
008 - FIXED-LENGTH DATA ELEMENTS--GENERAL INFORMATION
fixed length control field 161021b xxu||||| |||| 00| 0 eng d
020 ## - INTERNATIONAL STANDARD BOOK NUMBER
International Standard Book Number 9780450057694
040 ## - CATALOGING SOURCE
Transcribing agency 0
082 ## - DEWEY DECIMAL CLASSIFICATION NUMBER
Classification number 813.54 SEM 1988
100 ## - MAIN ENTRY--PERSONAL NAME
Personal name Pet Sematary
245 ## - TITLE STATEMENT
Title Stephen KING
Statement of responsibility, etc. Stephen KING
260 ## - PUBLICATION, DISTRIBUTION, ETC.
Place of publication, distribution, etc. Great Britain
Name of publisher, distributor, etc. nei New English Library
Date of publication, distribution, etc. 1988
300 ## - PHYSICAL DESCRIPTION
Extent 465 p.
Other physical details PB
440 ## - SERIES STATEMENT/ADDED ENTRY--TITLE
Title Stephen KING
942 ## - ADDED ENTRY ELEMENTS (KOHA)
Source of classification or shelving scheme
Koha item type Book
Holdings
Withdrawn status Lost status Source of classification or shelving scheme Damaged status Not for loan Permanent Location Current Location Shelving location Date acquired Total Checkouts Total Renewals Full call number Barcode Date last seen Date last checked out Price effective from Koha item type
          Central Library (CL) Central Library (CL) General Stacks 10/21/2016 14 2 813.54 SEM NBSD-2881 01/26/2026 11/10/2025 10/21/2016 Book
© 2023 Central Library, National University of Sciences and Technology. All Rights Reserved.